| 000 | 00830nam a2200301Ia 4500 | ||
|---|---|---|---|
| 001 | Para_3671 | ||
| 003 | CHAP | ||
| 008 | 220125s[199 xx 000 0 und d | ||
| 010 | _a202271 | ||
| 040 | _cCHAP | ||
| 082 | _aPA-C 633.1 S88 | ||
| 100 |
_aPalacios A., Raúl _984798 |
||
| 245 |
_aVariación / _c por Raúl Palacios A. |
||
| 260 |
_aMéxico : _b DGA |
||
| 300 | _a6 H. | ||
| 500 | _aEncuadernado con otros impresos similares | ||
| 650 |
_aCereales _921370 |
||
| 650 |
_aEvolución (Plantas) _939010 |
||
| 650 |
_aVariación (Botánica) _9118141 |
||
| 710 |
_aMéxico. Dirección General de Agricultura _976952 |
||
| 901 | _aPA-C 633.1 S88 | ||
| 902 | _aA | ||
| 905 | _a000000[19--] mx 0000000000 00 | ||
| 910 | _a[19- | ||
| 942 | _cPARA | ||
| 942 |
_cPARA _d1 |
||
| 999 |
_c202271 _d202271 |
||